|
|
|
|
| LEADER |
00592cam a2200205 a 4500 |
| 001 |
0000130440 |
| 005 |
20111220090000.0 |
| 040 |
|
|
|a mod
|
| 041 |
|
|
|a eng
|
| 020 |
0 |
0 |
|a 9789831245354
|
| 090 |
0 |
0 |
|a 712.6
|b VAR
|c f
|e 2010
|
| 245 |
0 |
0 |
|a Variasi seronok bertaman
|c maintenance by Teh Rohaya Yusof
|
| 260 |
0 |
0 |
|a Shah Alam
|b Alaf 21
|c 2010
|
| 300 |
|
|
|a 160 p.
|b col. ill.
|c 28 cm
|
| 440 |
0 |
0 |
|a D.I.Y berkebun bertukang
|
| 650 |
0 |
0 |
|a Landscape design
|
| 650 |
0 |
0 |
|a Landscape gardening
|
| 700 |
0 |
0 |
|a Teh Rohaya Yusof
|
| 852 |
0 |
0 |
|a 01
|
| 999 |
|
|
|a 0290936
|b KD Pelandok
|d BOOKS
|e Umum
|f KD PELANDOK
|j AVAILABLE
|q GOOD CONDITION
|